Statistics for Science Fiction General Knowledge #3

Click here to take the quiz!

General Stats

  • This quiz has been taken 185 times
  • The average score is 7 of 20

Answer Stats

QuestionAnswer% Correct
In which movie does Darth Vader tell Luke Skywalker, "Impressive. Most impressive"?The Empire Strikes Back
77%
The book "Do Androids Dream of Electric Sheep?" was the inspiration for which movie?Blade Runner
68%
What is Capt. James T. Kirk's middle name?Tiberius
68%
According to "The Hitchhiker's Guide to the Galaxy", what is the most important personal possession?a Towel
66%
The movie "Serenity" is based on what short-lived television series?Firefly
63%
In what Rocky Horror dance do you "take a step to the left, then a step to the right"?The Time Warp
60%
The 1865 book "From Earth to the Moon" was written by which author?Jules Verne
52%
The three agents in "The Matrix" are named Smith, Brown and ...?Jones
31%
From what language did the English word "robot" originate?Czech
29%
What is the full name of the main character in "Dune"?Paul Atreides
29%
In what movie does Robby the Robot give himself an "oil-job"?Forbidden Planet
28%
In what movie does Blain not have time to bleed?Predator
22%
Who wrote about asteroids threatening to collide with Earth, in "The Hammer of God"?Arthur C. Clarke
19%
Author Harry Turtledove is considered the master of what sub-genre of science fiction?Alternate history
16%
What is the name of the device in "Ender's Game" that allows instantaneous communication?Ansible
12%
What race is Riddick from "The Chronicles of Riddick"?Furyan
11%
Who created the TV show "Babylon 5"?J. Michael Straczynski
9%
Who programmed the HAL 9000?Dr. Chandra
7%
Which British astronomer collaborated with John Elliot on "A for Andromeda"?Fred Hoyle
2%
What is the name of Tron's love interest in "Tron"?Yori
1%

Score Distribution

Percentile by Number Answered

Percent of People with Each Score

Your Score History

You have not taken this quiz